| 000 | 00531nam a22001697a 4500 | ||
|---|---|---|---|
| 999 |
_c5179 _d5179 |
||
| 008 | 150908b xxu||||| |||| 00| 0 eng d | ||
| 020 | _a0030255473 | ||
| 050 | _aQD 31.2 .B48 2001 | ||
| 100 | _aBettleheim,Frederick A. | ||
| 245 |
_aIntroduction to general ,organic & biochemistry. _cFrederick A.Bettlhem,William H. Brown and Jerry March. |
||
| 250 | _a6th ed | ||
| 260 |
_aAustralia: _bBrooks/cole, _c2001. |
||
| 300 |
_axxxi,713[ 91]p.: _bIll.(Chiefly col) ; _c28cm. |
||
| 504 | _aInclude index. | ||
| 650 | _aChemistry. | ||
| 650 | _aOrganic Chemistry. | ||
| 700 | _aBrown,William H. | ||
| 700 | _aMarch,Jerry. | ||
| 942 |
_2lcc _cBOOKS _hQD 31.2 .B48 2001 _01 |
||